000
00291nam a22001337a 4500
008
170215b xxu||||| |||| 00| 0 eng d
020
_a
9781416036746
041
_a
eng
080
_2
7 ed
_a
61
100
_a
4
101
_a
shm
245
_a
THE LANGUAGE MEDICINE
_c
CHABNER
942
_2
udc
_c
BK
999
_c
5499
_d
5499